000 01622 a2200253 4500
003 Nust
005 20221128151226.0
010 _a 84026772
020 _a0070151156
020 _a0830609385 (v. 1) :
040 _cNust
082 0 0 _a621.3815,GRA
100 1 _aGraf, Rudolf F.
_963715
245 1 4 _aThe encyclopedia of electronic circuits /
_cRudolf F. Graf.
250 _a Volume 7
260 _aBlue Ridge Summit, PA :
_bTab Books,
_cc1985-<c1999 >
300 _a1128p
_bill. ;
_c25 cm.
505 _aActive antenna circuits (Page-1), Alarm and security circuits (Page-6), Amateur radio circuits(Page-17), Amateur TV circuits (Page-26), Amplifier circuits-audio (Page-32), Amplifier circuits-miscellaneous (Page-46), Amplifier circuits-RF (Page-63), Amplifier circuits-vacuum tube (Page-73), Analog to digital converter circuits (Page-76), Antenna circuits (Page-79), Automotive circuits (Page-91), Automotive security circuits(Page-108), Battery backup and switchover circuits (Page-114), Battery charger circuits(page 117), Battery test and monitor circuits (Page-132), Bugging circuits (Page-143), Clock circuits (Page- 147), Display circuits (Page-271), Optical circuits (Page-655), Probe circuits (Page-804), Theremin circuits (Page- 966), Video circuits (Page-1006), Weather related circuits (Page-1036).
650 0 _aTelecommunication Engineering.
700 1 _aSheets, William.
_9103706
856 4 2 _3Contributor biographical information
_uhttp://www.loc.gov/catdir/bios/mh042/84026772.html
856 4 2 _3Table of contents
_uhttp://www.loc.gov/catdir/toc/mh041/84026772.html
942 _cREF
_2ddc
999 _c175683
_d175683